00854cam a22002291 4500001001300000003000400013005001700017008004100034010001700075025002000092035002000112040002300132042001200155050001800167100003700185245018900222260008500411300002500496610003100521740005500552999001700607sa 67002693 DLC20260227112332.0860422s1964 io c 000 0 ind  asa 67002693  aPL480:Indo-2772 a(OCoLC)13481314 aDLCcKyUdKyUdDLC apremarc00aJQ779.A56bS31 aSastroamidjojo, Ali,d1903-1975.10aPak Ali: Dengan apinja Marhaenisme kita laksanakan Dwikora.cPidato dalam rapat raksasa peringatan ulang tahun P.N.I. jang ke-37 di Lembaga-Administrasi Negara, Djakarta, 4 Djuli 1964. a[Djakarta,bDepartemen Penerangan-Propaganda, Partai Nasional Indonesia,c1964?] a43 p.bport.c21 cm.20aPartai Nasional Indonesia.0 aDengan apinja Marhaenisme kita laksanakan Dwikora. c73376d73376